000 00864cam a22002414a 4500
001 11846465
005 20250129090058.0
008 991122s2000 paua b 001 0 eng c
020 _a9780803602700
050 0 0 _aRB37
_b.S225 2000
082 0 0 _a616.07/5
_221
100 1 _aSacher, Ronald A.
245 1 0 _aWidmann's clinical interpretation of laboratory tests.
_cRonald A. Sacher and Richard A. McPherson, with Joseph M. Campos.
250 _aEd. 11. /
_bRonald A. Sacher and Richard A. McPherson, with Joseph M. Campos.
260 _aPhiladelphia :
_bDavis,
_cc2000.
300 _axi, 1092 p. :
_bill. (some col.) ;
_c23 cm.
650 0 _aDiagnosis, Laboratory.
650 1 2 _aLaboratory Techniques and Procedures.
700 1 _aMcPherson, Richard A.
700 1 _aCampos, Joseph M.
700 1 _aWidmann, Frances K.,
_d1935-
942 _2lcc
_cBK
_e11th ed.
_n0
999 _c3188
_d3188